[Event "CRO-chT1B 30th"]
[Site "Porec"]
[Date "2022.09.30"]
[Round "7.14"]
[White "Petrov, Jole"]
[Black "Makovec, Bruno"]
[Result "0-1"]
[WhiteElo "2370"]
[BlackElo "2258"]
[PlyCount "80"]
[EventDate "2022.09.24"]
[EventType "team-tourn"]
[EventRounds "9"]
[EventCountry "CRO"]
[SourceTitle "CBM 210 Extra"]
[Source "ChessBase"]
[SourceDate "2022.11.30"]
[SourceVersion "1"]
[SourceVersionDate "2022.11.30"]
[SourceQuality "1"]
[WhiteTeam "Rijeka Rijeka"]
[BlackTeam "Mihovljan Sloboda"]
[WhiteTeamCountry "CRO"]
[BlackTeamCountry "CRO"]

1. d4 Nf6 2. c4 e6 3. Nf3 d5 4. g3 dxc4 5. Bg2 c6 6. a4 Bb4+ 7. Nc3 Nd5 8. Bd2 a5 9. e4 Ne7 10. Qe2 b6 11. 0-0 0-0 12. Rfd1 Nd7 13. Qxc4 Ba6 14. Qa2 Rc8 15. Be3 Qc7 16. Rac1 Qb8 17. h3 h6 18. Nd2 e5 19. f4 exd4 20. Bxd4 Nc5 21. Nc4 Rcd8 22. Ne5 Nd3 23. Nxd3 Rxd4 24. Nxb4 Rxd1+ 25. Nxd1 axb4 26. Ne3 Qd6 27. Qb3 c5 28. Rd1 Qc7 29. Nd5 Nxd5 30. Qxd5 c4 31. Bf1 Rc8 32. b3 Qa7 33. bxc4 Bxc4 34. Qd7 Qxd7 35. Rxd7 Bxf1 36. Kxf1 b3 37. Rd2 Rc1+ 38. Ke2 Rc3 39. Rd8+ Kh7 40. Kd2 b2 0-1

[Event "CRO-chT1A 29th"]
[Site "Mali Losinj"]
[Date "2021.10.01"]
[Round "7.2"]
[White "Petrov, Jole"]
[Black "Martinovic, Sasa"]
[Result "0-1"]
[WhiteElo "2403"]
[BlackElo "2552"]
[PlyCount "76"]
[EventDate "2021.09.25"]
[EventType "team-tourn"]
[EventRounds "9"]
[EventCountry "CRO"]
[SourceTitle "CBM 204 Extra"]
[Source "ChessBase"]
[SourceDate "2021.11.30"]
[SourceVersion "1"]
[SourceVersionDate "2021.11.30"]
[SourceQuality "1"]
[WhiteTeam "Rijeka Rijeka"]
[BlackTeam "Solin Cemex"]
[WhiteTeamCountry "CRO"]
[BlackTeamCountry "CRO"]

1. Nf3 Nf6 2. g3 g6 3. Bg2 Bg7 4. c4 d6 5. d4 0-0 6. 0-0 Nbd7 7. Nc3 e5 8. e4 Re8 9. h3 exd4 10. Nxd4 Nc5 11. Re1 Bd7 12. Nb3 Na4 13. Nxa4 Bxa4 14. Qc2 Nd7 15. Bd2 Ne5 16. f4 Nc6 17. Rab1 Nd4 18. Qd3 Bxb3 19. axb3 c5 20. Be3 a5 21. Kh2 Ra6 22. Bxd4 Bxd4 23. Re2 Kg7 24. Ra1 Qf6 25. Ra2 Qd8 26. Qd2 Rb6 27. Qc2 Rb4 28. Ra4 Qb6 29. Rxb4 axb4 30. Re1 Ra8 31. Rb1 Ra2 32. Qd2 Qd8 33. Qc2 Qf6 34. Qd2 h6 35. h4 g5 36. fxg5 hxg5 37. Rf1 Rxb2 38. Qd1 Qg6 0-1

[Event "CRO Cup"]
[Site "Mali Losinj"]
[Date "2019.05.19"]
[Round "6.14"]
[White "Petrov, Jole"]
[Black "Plenca, Jadranko"]
[Result "1/2-1/2"]
[WhiteElo "2406"]
[BlackElo "2468"]
[PlyCount "46"]
[EventDate "2019.05.15"]
[EventType "team-swiss"]
[EventRounds "6"]
[EventCountry "CRO"]
[SourceTitle "CBM 190 Extra"]
[Source "ChessBase"]
[SourceDate "2019.07.15"]
[SourceVersion "1"]
[SourceVersionDate "2019.07.15"]
[SourceQuality "1"]
[WhiteTeam "Rijeka CC"]
[BlackTeam "Rijeka Liburnija"]
[WhiteTeamCountry "CRO"]
[BlackTeamCountry "CRO"]

1. c4 e6 2. d4 Nf6 3. Nf3 d5 4. Nc3 Be7 5. Bf4 0-0 6. e3 Nbd7 7. Be2 dxc4 8. Bxc4 c5 9. 0-0 a6 10. Ne5 Nxe5 11. Bxe5 cxd4 12. Bxd4 Bd7 13. a4 Bc6 14. Qb3 Qa5 15. f4 Bc5 16. Rfd1 Bxd4 17. Rxd4 e5 18. fxe5 Qxe5 19. Nd5 Ne4 20. Rad1 Rae8 21. Nb4 Nc5 22. Nxc6 bxc6 23. Qa3 a5 1/2-1/2

[Event "CRO Cup"]
[Site "Mali Losinj"]
[Date "2019.05.16"]
[Round "3.54"]
[White "Petrov, Jole"]
[Black "Cotic, Borna"]
[Result "1-0"]
[WhiteElo "2406"]
[BlackElo "2103"]
[PlyCount "57"]
[EventDate "2019.05.15"]
[EventType "team-swiss"]
[EventRounds "6"]
[EventCountry "CRO"]
[SourceTitle "CBM 190 Extra"]
[Source "ChessBase"]
[SourceDate "2019.07.15"]
[SourceVersion "1"]
[SourceVersionDate "2019.07.15"]
[SourceQuality "1"]
[WhiteTeam "Rijeka CC"]
[BlackTeam "Split Mornar"]
[WhiteTeamCountry "CRO"]
[BlackTeamCountry "CRO"]

1. c4 Nf6 2. Nc3 e6 3. e4 d5 4. exd5 exd5 5. cxd5 Nxd5 6. d4 Be7 7. Nf3 0-0 8. Bd3 Bg4 9. h3 Nxc3 10. bxc3 Bh5 11. Qc2 Bg6 12. Bxg6 hxg6 13. 0-0 c5 14. Rb1 Qc7 15. Qe4 Nc6 16. Bf4 Qd7 17. Ne5 Nxe5 18. Rxb7 Qc6 19. Qxc6 Nxc6 20. d5 Bf6 21. dxc6 Bxc3 22. Rfb1 g5 23. Bd6 Rfc8 24. c7 Ba5 25. a4 Bb4 26. Rb8 f6 27. Rxa8 Rxa8 28. Bxc5 a5 29. Bxb4 1-0

[Event "CRO Cup"]
[Site "Mali Losinj"]
[Date "2018.05.16"]
[Round "1.23"]
[White "Petrov, Jole"]
[Black "Huis, Dinko"]
[Result "1-0"]
[WhiteElo "2408"]
[BlackElo "2158"]
[PlyCount "63"]
[EventDate "2018.05.16"]
[EventType "team-swiss"]
[EventRounds "6"]
[EventCountry "CRO"]
[SourceTitle "CBM 184 Extra"]
[Source "ChessBase"]
[SourceDate "2018.06.28"]
[SourceVersion "1"]
[SourceVersionDate "2018.06.28"]
[SourceQuality "1"]
[WhiteTeam "Rijeka CC"]
[BlackTeam "Belisce"]
[WhiteTeamCountry "CRO"]
[BlackTeamCountry "CRO"]

1. Nf3 Nf6 2. c4 e6 3. g3 b6 4. Bg2 Bb7 5. Nc3 Bb4 6. d3 Bxc3+ 7. bxc3 0-0 8. e4 d6 9. 0-0 Nbd7 10. Nh4 Rb8 11. f4 Nc5 12. f5 e5 13. Be3 Bc6 14. h3 b5 15. cxb5 Bxb5 16. c4 Bc6 17. Rf2 Rb6 18. Bf1 Ba4 19. Qc1 Nfd7 20. f6 Nxf6 21. Bg5 Bd7 22. Bxf6 gxf6 23. Qh6 Kh8 24. Rxf6 Rb8 25. Be2 Be6 26. Raf1 Nd7 27. Rxe6 fxe6 28. Ng6+ Kg8 29. Nxf8 Nxf8 30. Bh5 c6 31. Rf7 Qb6+ 32. Kg2 1-0

[Event "CRO-chT1A 26th"]
[Site "Mali Losinj"]
[Date "2017.09.29"]
[Round "2.16"]
[White "Petrov, Jole"]
[Black "Kovacevic, Blazimir"]
[Result "1-0"]
[WhiteElo "2394"]
[BlackElo "2488"]
[PlyCount "79"]
[EventDate "2017.09.28"]
[EventType "team-tourn"]
[EventRounds "9"]
[EventCountry "CRO"]
[SourceTitle "EXT 2018"]
[Source "ChessBase"]
[SourceDate "2017.10.13"]
[SourceVersion "1"]
[SourceVersionDate "2017.10.13"]
[SourceQuality "1"]
[WhiteTeam "Rijeka"]
[BlackTeam "Rijeka Liburnija"]
[WhiteTeamCountry "CRO"]
[BlackTeamCountry "CRO"]

1. Nf3 c5 2. c4 Nc6 3. Nc3 g6 4. e3 Nf6 5. d4 cxd4 6. exd4 d5 7. Bg5 Be6 8. Bxf6 exf6 9. c5 Bg7 10. h3 0-0 11. Bb5 a6 12. Ba4 Rc8 13. 0-0 h5 14. a3 Bh6 15. b4 Bf4 16. Re1 Kg7 17. b5 axb5 18. Bxb5 g5 19. Bf1 g4 20. Ne2 Bc7 21. Nh4 f5 22. g3 f4 23. Qd3 fxg3 24. fxg3 Qg5 25. hxg4 Bxg4 26. Bg2 Rce8 27. Nc3 Be6 28. Re3 Bc8 29. Nxd5 Rxe3 30. Nxe3 f5 31. Rf1 f4 32. Nd5 Bd8 33. Nxf4 Bf6 34. Nf3 Qh6 35. d5 Ne5 36. Nxe5 Bxe5 37. Qe3 Bf6 38. d6 h4 39. gxh4 Qxh4 40. Rf3 1-0

[Event "CRO-chT1A 24th"]
[Site "Bol"]
[Date "2015.10.06"]
[Round "4.55"]
[White "Petrov, Jole"]
[Black "Brumen, Dinko"]
[Result "1/2-1/2"]
[WhiteElo "2416"]
[BlackElo "2356"]
[PlyCount "34"]
[EventDate "2015.10.03"]
[EventType "team-tourn"]
[EventRounds "9"]
[EventCountry "CRO"]
[SourceTitle "CBM 168 Extra"]
[Source "ChessBase"]
[SourceDate "2015.10.29"]
[SourceVersion "1"]
[SourceVersionDate "2015.10.29"]
[SourceQuality "1"]
[WhiteTeam "Rijeka Rijeka"]
[BlackTeam "Zagreb Mladost"]
[WhiteTeamCountry "CRO"]
[BlackTeamCountry "CRO"]

1. d4 d5 2. c4 e6 3. Nc3 Nf6 4. cxd5 exd5 5. Bg5 Be7 6. e3 c6 7. Qc2 0-0 8. Bd3 Nbd7 9. Nf3 Re8 10. 0-0 Nf8 11. Ne5 N6d7 12. Bxe7 Qxe7 13. Nf3 Nf6 14. Ne5 N6d7 15. Nf3 Nf6 16. Ne5 N6d7 17. Nf3 Nf6 1/2-1/2

[Event "CRO-chT1A 24th"]
[Site "Bol"]
[Date "2015.10.04"]
[Round "2.54"]
[White "Petrov, Jole"]
[Black "Rogulj, Branko"]
[Result "1/2-1/2"]
[WhiteElo "2416"]
[BlackElo "2412"]
[PlyCount "83"]
[EventDate "2015.10.03"]
[EventType "team-tourn"]
[EventRounds "9"]
[EventCountry "CRO"]
[SourceTitle "CBM 168 Extra"]
[Source "ChessBase"]
[SourceDate "2015.10.29"]
[SourceVersion "1"]
[SourceVersionDate "2015.10.29"]
[SourceQuality "1"]
[WhiteTeam "Rijeka Rijeka"]
[BlackTeam "Zagreb Zagreb"]
[WhiteTeamCountry "CRO"]
[BlackTeamCountry "CRO"]

1. Nf3 Nf6 2. c4 c5 3. Nc3 Nc6 4. g3 g6 5. Bg2 Bg7 6. d4 cxd4 7. Nxd4 0-0 8. 0-0 Qc7 9. Nc2 d6 10. b3 Be6 11. Bd2 Qd7 12. e4 Bh3 13. Rc1 Bxg2 14. Kxg2 Rab8 15. Re1 e6 16. Ne3 a6 17. Ng4 Nxg4 18. Qxg4 b5 19. Qe2 Qb7 20. Bf4 Ne5 21. cxb5 axb5 22. Red1 Rfd8 23. f3 h6 24. h4 Ra8 25. Nxb5 d5 26. exd5 Rxd5 27. Rxd5 Qxd5 28. Bxe5 Qxe5 29. Rc2 Qa1 30. a4 Rd8 31. Rd2 Rxd2 32. Qxd2 Qb1 33. a5 Bf8 34. a6 Bc5 35. Nd4 Qa1 36. Ne2 Qxa6 37. Qc2 Bd6 38. Qd2 Be5 39. Qc2 Kg7 40. f4 Qb7+ 41. Kh2 Bf6 42. Qd3 1/2-1/2

[Event "CRO-chT"]
[Site "Bol"]
[Date "2013.09.20"]
[Round "7.2"]
[White "Petrov, Jole"]
[Black "Rogulj, Branko"]
[Result "1-0"]
[WhiteElo "2416"]
[BlackElo "2405"]
[PlyCount "53"]
[EventDate "2013.09.14"]
[EventType "team-tourn"]
[EventRounds "9"]
[EventCountry "CRO"]
[SourceTitle "CBM 156 Extra"]
[Source "ChessBase"]
[SourceDate "2013.10.22"]
[SourceVersion "1"]
[SourceVersionDate "2013.10.22"]
[SourceQuality "1"]
[WhiteTeam "Rijeka Rijeka"]
[BlackTeam "Zagreb Zagreb"]
[WhiteTeamCountry "CRO"]
[BlackTeamCountry "CRO"]

1. d4 Nf6 2. c4 g6 3. Nf3 Bg7 4. g3 d5 5. cxd5 Nxd5 6. Bg2 Nb6 7. Nc3 Nc6 8. e3 0-0 9. 0-0 Re8 10. d5 Na5 11. Nd4 Bd7 12. b3 c6 13. e4 cxd5 14. exd5 Rc8 15. Bb2 e6 16. Ne4 e5 17. Ne2 Bb5 18. N4c3 Ba6 19. Rc1 e4 20. Re1 f5 21. Nf4 Be5 22. Ba1 Qd6 23. Nce2 Bxa1 24. Rxc8 Rxc8 25. Qxa1 Bxe2 26. Rxe2 Nxd5 27. Qd1 1-0

[Event "CRO-chT"]
[Site "Bol"]
[Date "2013.09.18"]
[Round "5.1"]
[White "Petrov, Jole"]
[Black "Muse, Mladen"]
[Result "1/2-1/2"]
[WhiteElo "2416"]
[BlackElo "2434"]
[PlyCount "79"]
[EventDate "2013.09.14"]
[EventType "team-tourn"]
[EventRounds "9"]
[EventCountry "CRO"]
[SourceTitle "CBM 156 Extra"]
[Source "ChessBase"]
[SourceDate "2013.10.22"]
[SourceVersion "1"]
[SourceVersionDate "2013.10.22"]
[SourceQuality "1"]
[WhiteTeam "Rijeka Rijeka"]
[BlackTeam "Solin Cemex"]
[WhiteTeamCountry "CRO"]
[BlackTeamCountry "CRO"]

1. d4 g6 2. Nf3 Bg7 3. c4 c5 4. d5 d6 5. e4 Nf6 6. Nc3 0-0 7. Bd3 e6 8. 0-0 exd5 9. exd5 Bg4 10. h3 Bxf3 11. Qxf3 Nbd7 12. Qd1 a6 13. Bd2 Ne5 14. Be2 Ne8 15. Qc2 f5 16. f4 Nf7 17. a4 Bd4+ 18. Kh2 Nf6 19. g3 Qd7 20. Bf3 Rae8 21. Rae1 h5 22. b3 Nh6 23. Kg2 h4 24. gxh4 Nh5 25. Re6 Kh7 26. Rfe1 Ng7 27. Rxe8 Rxe8 28. Qd1 Bf6 29. h5 Nxh5 30. Bxh5 gxh5 31. Rxe8 Qxe8 32. Qf3 Qg6+ 33. Kf1 Ng8 34. Ne2 Bh4 35. Bc3 Bf6 36. Ba5 Bg7 37. Bd8 Bf6 38. Ba5 Bg7 39. Bd8 Bf6 40. Ba5 1/2-1/2

[Event "CRO-chT"]
[Site "Bol"]
[Date "2013.09.14"]
[Round "1.3"]
[White "Petrov, Jole"]
[Black "Zaja, Ivan"]
[Result "1/2-1/2"]
[WhiteElo "2416"]
[BlackElo "2487"]
[PlyCount "55"]
[EventDate "2013.09.14"]
[EventType "team-tourn"]
[EventRounds "9"]
[EventCountry "CRO"]
[SourceTitle "CBM 156 Extra"]
[Source "ChessBase"]
[SourceDate "2013.10.22"]
[SourceVersion "1"]
[SourceVersionDate "2013.10.22"]
[SourceQuality "1"]
[WhiteTeam "Rijeka Rijeka"]
[BlackTeam "Osijek"]
[WhiteTeamCountry "CRO"]
[BlackTeamCountry "CRO"]

1. Nf3 Nf6 2. c4 b6 3. g3 Bb7 4. Bg2 e6 5. d4 Be7 6. 0-0 0-0 7. Nc3 Ne4 8. Bd2 f5 9. Qc2 Nxc3 10. Bxc3 Be4 11. Qd2 d6 12. Ne1 Bg5 13. e3 Bxg2 14. Kxg2 d5 15. Qe2 Bf6 16. Qf3 c6 17. Rc1 a5 18. b3 Qd6 19. Nd3 Nd7 20. cxd5 cxd5 21. Rc2 Rfc8 22. Rfc1 Qf8 23. h4 Qe8 24. Qe2 Be7 25. Bb2 Nf6 26. Ne5 Bd6 27. Rxc8 Rxc8 28. Qa6 1/2-1/2